LIBRARY ONLINE CATALOGUE

Philosophy of Law (Record no. 17729)

MARC details
000 -LEADER
fixed length control field 00389nam a22001457a 4500
008 - FIXED-LENGTH DATA ELEMENTS--GENERAL INFORMATION
fixed length control field 190612b xxu||||| |||| 00| 0 eng d
020 ## - INTERNATIONAL STANDARD BOOK NUMBER
International Standard Book Number 0192806918
050 ## - LIBRARY OF CONGRESS CALL NUMBER
Classification number K231
Item number .W33 2006 c.1
100 ## - MAIN ENTRY--PERSONAL NAME
Personal name Wacks, Raymond
245 ## - TITLE STATEMENT
Title Philosophy of Law
Remainder of title A very short introduction
Statement of responsibility, etc. Raymond Wacks
260 ## - PUBLICATION, DISTRIBUTION, ETC. (IMPRINT)
Place of publication, distribution, etc. US
Name of publisher, distributor, etc. OUP
Date of publication, distribution, etc. Newyork
300 ## - PHYSICAL DESCRIPTION
Extent xvi, 127p.
650 ## - SUBJECT ADDED ENTRY--TOPICAL TERM
Topical term or geographic name as entry element Philosophy
942 ## - ADDED ENTRY ELEMENTS (KOHA)
Source of classification or shelving scheme Library of Congress Classification
Koha item type General Collection
Holdings
Withdrawn status Lost status Source of classification or shelving scheme Not for loan Home library Current library Date acquired Cost, normal purchase price Total Checkouts Total Renewals Full call number Barcode Checked out Date last seen Date last checked out Price effective from Koha item type
    Library of Congress Classification   Kabarak, Main Campus Kabarak, Main Campus 12/06/2019 900.00 19 6 K231 .W33 2006 c.1 022568 29/09/2025 12/09/2025 12/09/2025 12/06/2019 General Collection
    Library of Congress Classification   Kabarak, Main Campus Kabarak, Main Campus 12/06/2019 900.00 28 1 K231 .W33 2006 c.2 022343   13/03/2025 17/02/2025 12/06/2019 General Collection
    Library of Congress Classification   Kabarak, Main Campus Kabarak, Main Campus 12/06/2019 900.00 15 2 K231 .W33 2006 c.4 022342   05/03/2026 26/02/2026 12/06/2019 General Collection
    Library of Congress Classification   Kabarak, Main Campus Kabarak, Main Campus 12/06/2019 900.00 25 1 K231 .W33 2006 c.3 022571   14/03/2025 26/02/2025 12/06/2019 General Collection
    Library of Congress Classification   Kabarak, Main Campus Kabarak, Main Campus 12/06/2019 900.00 15 3 K231 .W33 2006 c.5 022275   23/01/2026 22/01/2026 12/06/2019 General Collection